Negociación y concertación en Centroamérica /

Zapisane w:
Opis bibliograficzny
1. autor: Cerdas Cruz, Rodolfo
Format: Texto
Etykiety: Dodaj etykietę
Nie ma etykietki, Dołącz pierwszą etykiete!

MARC

LEADER 00000 a a2200000 04500
001 7407
003
040
100 |a Cerdas Cruz, Rodolfo  
245 |a Negociación y concertación en Centroamérica /  |c Rodolfo Cerdas Cruz 
773 |g número 12; páginas 5-13  
999 |c 31775  |d 31775